000 00269nam a2200109Ia 4500
008 240624s9999 xx 000 0 und d
041 _aeng
082 _a658.8 WES
100 _aWESTWOOD JOHN
245 _aMARKETING PLAN WORKBOOK
260 _c2005
_aNew Delhi
_bKogan Page
999 _c31828
_d31828